Podsitniansky roľník

Bibliographic Details
New Title:Podsitniansky družstevník
Corporate Author: Tlačiarenské závody Pravda (Bratislava, Slovensko). Závod Zvolen (Printer)
Other Authors: Hromada, P. (Publishing director), Hampl, D. (Publishing director)
Format: Journal
Language:Slovak
PhysicalDescription:1 zv. 43 cm
Published: Banská Štiavnica Štiavnický baník a hutník 1950
Subjects:

MARC

LEADER 00000nas a22000001a 4500
001 vtls010301923
003 SK-MaSNL
005 20260228162559.0
008 110810d19501950xo ux p r 0 b0slo
040 |a SNK  |b slo  |c SNK  |e AACR2 
041 0 |a slo 
044 |a xo  |c SK 
072 7 |a 63  |x Poľnohospodárstvo a príbuzné oblasti vedy a techniky  |2 konspekt 
080 |a 631/636  |2 2001 
080 |a 316.728  |2 2001 
245 0 0 |a Podsitniansky roľník 
260 |a Banská Štiavnica  |b Štiavnický baník a hutník  |c 1950 
300 |a 1 zv.  |c 43 cm 
310 |a Periodicita sa nedá určiť 
362 0 |a Roč. I, č. 1 (5. okt. 1950)-č. 2 (20. okt. 1950) 
500 |a Vych. v Banskej Štiavnici nepravidelne 
500 |a Red. red. krúžok. Za politickú časť zodp. P. Hromada, od 2/I (20. okt. 1950) D. Hampl 
500 |a Vyd. Redakcia čas. Štiavnický baník a hutník v rámci OV KSS v Banskej Štiavnici 
500 |a Tlač. Tlačiarenské závody Pravda, n. p. závod vo Zvolene 
500 |a Vych. od 5. okt. 1950 ako samostatná príloha Štiavnického baníka a hutníka. Druhé číslo vyšlo 20. okt. 1950 
505 8 0 |g Roč. I. 1950 2 č. po 4 s. 
580 |a Pokračoval ako Podsitniansky družstevník 
650 0 7 |a poľnohospodárstvo  |2 SNKPH  |9 679 
655 7 |a regionálne časopisy  |2 SNKPH  |9 265646 
700 1 |a Hromada, P.  |4 pbd  |9 271482 
700 1 |a Hampl, D.  |4 pbd  |9 271483 
710 2 |a Komunistická strana Slovenska.  |b Okresný výbor Banská Štiavnica  |4 pbl  |9 228828 
710 2 |a Tlačiarenské závody Pravda (Bratislava, Slovensko).  |b Závod Zvolen  |4 prt  |4 prt  |4 pbl  |9 145669 
770 0 |t Štiavnický baník a hutník 
785 0 0 |t Podsitniansky družstevník 
910 |a snk 
916 |a 1950 
999 |c 8080  |d 10010 
952 |0 0  |1 0  |4 0  |7 0  |a SNK  |b SNK  |d 2003-12-15  |f 1  |i snkČSF 4/57  |l 0  |o snkČSA 483/1/1950  |p 17A0407869  |r 2005-01-02 00:00:00  |t č. 1-2  |w 2026-02-21  |y PREZ